| 000 | 00588nam a2200181Ia 4500 | ||
|---|---|---|---|
| 008 | 090630s9999 xx 000 0 und d | ||
| 082 | _b10224 | ||
| 100 | _aलागू चिंतामणी. | ||
| 245 |
_aप्रारब्ध. _cलागू चिंतामणी. |
||
| 260 |
_bश्रध्दा. _c1984 |
||
| 300 | _a164 | ||
| 600 | _aलागू चिंतामणी. | ||
| 630 | _aप्रारब्ध. | ||
| 655 | _aकादंबरी. | ||
| 700 | _aलागू चिंतामणी. | ||
| 730 | _aप्रारब्ध. | ||
| 942 | _cBOOK | ||
| 999 |
_c262080 _d262080 |
||